000 00807nam a2200145 4500
008 779 H557c
020 _a9789930964613
082 _a779
_bH557c
100 _aHernández, José Alberto
_97023
245 _aCapturas
260 _aSan José, Costa Rica
_bMuseo de Arte y Diseño Contemporáneo
_c2018
300 _a68 p.
_bcol (il)
_c21 x 14 cm
505 _tPresentación
_rRocío Fernández de Ulibarri
_tPresentación
_rFiorella Resenterra
_tCapturas
_rAdriana Collado-Chaves
_tInventario
_tR.I.P.
_tGráfica de encierro
_tCapturas: lo documental y lo inasible
_rErnesto Calvo
_t¿Para quién es la justicia
_rRoberto Guerrero
_tCapturas
_rJosé Alberto Hernández
_rCurriculum de artista
650 _xarte contemporáneo
_xarte - fotografía
_xfotografía - exhibición
_xfotografía - Costa Rica
_97024
999 _c1778
_d1778